[Event "Nakhchivan Sunday GM 06"]
[Site "Nakhchivan"]
[Date "2022.06.15"]
[Round "8"]
[White "Garayev, Murad"]
[Black "Atabayev, Yusup"]
[Result "0-1"]
[WhiteElo "2368"]
[BlackElo "2446"]
[PlyCount "104"]
[EventDate "2022.06.12"]
[EventType "schev"]
[EventRounds "10"]
[EventCountry "AZE"]
[SourceTitle "CBM 209 Extra"]
[Source "ChessBase"]
[SourceDate "2022.09.30"]
[SourceVersion "1"]
[SourceVersionDate "2022.09.30"]
[SourceQuality "1"]
[WhiteTeam "Team B"]
[BlackTeam "Team A"]
[WhiteTeamCountry "AZE"]
[BlackTeamCountry "AZE"]

1. d4 Nf6 2. c4 g6 3. Nc3 Bg7 4. e4 0-0 5. Be2 d6 6. Bg5 c5 7. d5 b5 8. cxb5 a6 9. b6 Qxb6 10. Rb1 Nbd7 11. Nf3 a5 12. 0-0 a4 13. Nxa4 Qb4 14. Nc3 Nxe4 15. a3 Nxc3 16. bxc3 Qe4 17. Nd2 Qe5 18. Nf3 Qe4 19. Nd2 Qf5 20. Bxe7 Re8 21. Bxd6 Bxc3 22. Nc4 h5 23. Bg3 Ba6 24. Rc1 Qf6 25. Ne3 Bd4 26. Bxa6 Rxa6 27. Nc4 h4 28. Bc7 Qg5 29. d6 h3 30. Qf3 hxg2 31. Qxg2 Qf4 32. Qg3 Qf5 33. Rfe1 Rxe1+ 34. Rxe1 Bxf2+ 35. Qxf2 Qg4+ 36. Qg3 Qxc4 37. Re8+ Kg7 38. Qh3 Qc1+ 39. Kg2 Qd2+ 40. Kg1 Qd4+ 41. Kg2 Qd5+ 42. Kg1 Qg5+ 43. Kf1 Qf6+ 44. Kg1 Nf8 45. d7 Qd4+ 46. Kg2 Qd5+ 47. Kg1 Qd1+ 48. Kg2 Rf6 49. Qe3 Nxd7 50. Bf4 Qd5+ 51. Kg1 Qf5 52. Bh6+ Kh7 0-1

[Event "Nakhchivan Sunday GM 06"]
[Site "Nakhchivan"]
[Date "2022.06.14"]
[Round "5"]
[White "Atabayev, Yusup"]
[Black "Mammadov, Sadig Teymur"]
[Result "1/2-1/2"]
[WhiteElo "2446"]
[BlackElo "2313"]
[PlyCount "81"]
[EventDate "2022.06.12"]
[EventType "schev"]
[EventRounds "10"]
[EventCountry "AZE"]
[SourceTitle "CBM 209 Extra"]
[Source "ChessBase"]
[SourceDate "2022.09.30"]
[SourceVersion "1"]
[SourceVersionDate "2022.09.30"]
[SourceQuality "1"]
[WhiteTeam "Team A"]
[BlackTeam "Team B"]
[WhiteTeamCountry "AZE"]
[BlackTeamCountry "AZE"]

1. e4 e6 2. d4 d5 3. Bd3 c5 4. c3 Nc6 5. Ne2 Qc7 6. Nd2 a6 7. e5 cxd4 8. cxd4 f6 9. exf6 Nxf6 10. 0-0 Bd6 11. Nf3 0-0 12. Ng3 Bd7 13. Bd2 Rae8 14. Rc1 Qb8 15. Re1 e5 16. dxe5 Nxe5 17. Nxe5 Bxe5 18. Qb3 Kh8 19. Bb4 Bd4 20. Bxf8 Bxf2+ 21. Kxf2 Ng4+ 22. Kf3 Rxf8+ 23. Bf5 Bxf5 24. Nxf5 Rxf5+ 25. Ke2 h6 26. h3 Nf2 27. Kd2 Ne4+ 28. Kd1 Rf2 29. Qxd5 Rd2+ 30. Qxd2 Nxd2 31. Kxd2 Qd6+ 32. Ke2 Qe5+ 33. Kf1 Qxb2 34. Rb1 Qf6+ 35. Kg1 b5 36. Re2 Qd4+ 37. Kh1 Qc4 38. Reb2 a5 39. Rxb5 Qxa2 40. R5b2 Qd5 41. Ra1 1/2-1/2

[Event "Nakhchivan Sunday GM 06"]
[Site "Nakhchivan"]
[Date "2022.06.12"]
[Round "2"]
[White "Hasanov, Dovlat"]
[Black "Atabayev, Yusup"]
[Result "1-0"]
[WhiteElo "2151"]
[BlackElo "2446"]
[PlyCount "159"]
[EventDate "2022.06.12"]
[EventType "schev"]
[EventRounds "10"]
[EventCountry "AZE"]
[SourceTitle "CBM 209 Extra"]
[Source "ChessBase"]
[SourceDate "2022.09.30"]
[SourceVersion "1"]
[SourceVersionDate "2022.09.30"]
[SourceQuality "1"]
[WhiteTeam "Team B"]
[BlackTeam "Team A"]
[WhiteTeamCountry "AZE"]
[BlackTeamCountry "AZE"]

1. Nf3 c5 2. g3 g6 3. Bg2 Bg7 4. d4 cxd4 5. Nxd4 Nc6 6. c3 Nf6 7. 0-0 0-0 8. Na3 Qb6 9. Nb3 d6 10. h3 Be6 11. e4 Rfd8 12. Be3 Qc7 13. f4 a6 14. g4 Bxb3 15. axb3 e6 16. Qe1 d5 17. e5 Nd7 18. Nc2 f6 19. exf6 Nxf6 20. Nd4 Re8 21. b4 Qd7 22. Nb3 Qc7 23. Qf2 h5 24. g5 Nd7 25. Qc2 Ne7 26. Bd4 Nf5 27. Qd3 Rac8 28. Bxg7 Kxg7 29. Kh2 e5 30. Qxd5 Ne3 31. Qxb7 Nxf1+ 32. Rxf1 exf4 33. Qxc7 Rxc7 34. Rxf4 Nb6 35. Rf6 Nc4 36. Nd4 Rce7 37. Rxa6 Nxb2 38. b5 Nd3 39. b6 Nc5 40. Ra7 Kf8 41. Bd5 h4 42. c4 Nd7 43. Ne6+ Rxe6 44. Bxe6 Rxe6 45. Rxd7 Rxb6 46. Rd4 Rb2+ 47. Kg1 Kf7 48. Rxh4 Ke6 49. Rf4 Rc2 50. Rf6+ Ke5 51. Rxg6 Rxc4 52. Rh6 Kf5 53. h4 Rc2 54. g6 Kf6 55. h5 Rc7 56. Rh8 Ra7 57. Kf2 Re7 58. Kf3 Ra7 59. Rf8+ Kg7 60. Rf5 Kh6 61. Re5 Ra4 62. Rf5 Ra3+ 63. Kg4 Ra4+ 64. Rf4 Ra5 65. Rf5 Ra4+ 66. Kf3 Ra3+ 67. Ke4 Ra4+ 68. Ke5 Ra5+ 69. Ke6 Ra6+ 70. Kd7 Ra7+ 71. Kc6 Ra8 72. Re5 Ra7 73. Kd6 Ra6+ 74. Ke7 Rb6 75. Re6 Rb5 76. Kf7 Rb7+ 77. Re7 Rb5 78. g7 Rf5+ 79. Kg8 Re5 80. Kf8 1-0

[Event "Nakhchivan Sunday GM 05"]
[Site "Nakhchivan"]
[Date "2022.05.20"]
[Round "9"]
[White "Akbas, Umut Ata"]
[Black "Atabayev, Yusup"]
[Result "1/2-1/2"]
[WhiteElo "2314"]
[BlackElo "2424"]
[PlyCount "44"]
[EventDate "2022.05.15"]
[EventType "team-schev"]
[EventRounds "9"]
[EventCountry "AZE"]
[SourceTitle "CBM 208 Extra"]
[Source "ChessBase"]
[SourceDate "2022.07.31"]
[SourceVersion "1"]
[SourceVersionDate "2022.07.31"]
[SourceQuality "1"]
[WhiteTeam "Team B"]
[BlackTeam "Team D"]
[WhiteTeamCountry "AZE"]
[BlackTeamCountry "AZE"]

1. d4 Nf6 2. c4 e6 3. Nf3 d5 4. Nc3 Bb4 5. Bg5 h6 6. Bxf6 Qxf6 7. e3 0-0 8. Qb3 c5 9. cxd5 exd5 10. dxc5 Bxc3+ 11. Qxc3 Qxc3+ 12. bxc3 Nd7 13. Rd1 Nf6 14. c4 Be6 15. Nd4 Rfc8 16. Nxe6 fxe6 17. cxd5 Nxd5 18. Rc1 Rc7 19. e4 Nf6 20. Bd3 Rac8 21. Ke2 Rxc5 22. Rxc5 Rxc5 1/2-1/2

[Event "Nakhchivan Sunday GM 05"]
[Site "Nakhchivan"]
[Date "2022.05.19"]
[Round "7"]
[White "Lorparizangeneh, Shahin"]
[Black "Atabayev, Yusup"]
[Result "0-1"]
[WhiteElo "2502"]
[BlackElo "2424"]
[PlyCount "120"]
[EventDate "2022.05.15"]
[EventType "team-schev"]
[EventRounds "9"]
[EventCountry "AZE"]
[SourceTitle "CBM 208 Extra"]
[Source "ChessBase"]
[SourceDate "2022.07.31"]
[SourceVersion "1"]
[SourceVersionDate "2022.07.31"]
[SourceQuality "1"]
[WhiteTeam "Team A"]
[BlackTeam "Team D"]
[WhiteTeamCountry "AZE"]
[BlackTeamCountry "AZE"]

1. d4 d5 2. c4 dxc4 3. e3 Nf6 4. Bxc4 e6 5. Nf3 c5 6. 0-0 a6 7. b3 cxd4 8. Nxd4 Bd6 9. Bb2 0-0 10. Nd2 e5 11. N4f3 Nc6 12. Ng5 b5 13. Bd3 Bb7 14. Rc1 Ne7 15. Nde4 Bxe4 16. Bxe4 Ra7 17. Qd3 g6 18. f4 Rd7 19. Qe2 Bb8 20. Bxe5 Ned5 21. Kh1 Qe7 22. Bxd5 Nxd5 23. Bxb8 Rxb8 24. Rce1 f6 25. Nf3 Re8 26. Qb2 Nb4 27. Qa3 Nd3 28. Qxe7 Rexe7 29. Ra1 Rxe3 30. g3 Rc7 31. Ne1 Nb4 32. a3 Nd5 33. Rd1 Ne7 34. Nd3 Rc3 35. Nc1 Nf5 36. Rd8+ Kf7 37. Rfd1 Rc2 38. R8d7+ Re7 39. Rxe7+ Kxe7 40. Nd3 Rc3 41. Nb4 Rxb3 42. Nxa6 Ne3 43. Ra1 Kd6 44. Kg1 Kd5 45. Nb4+ Ke4 46. Ra2 Rb1+ 47. Kf2 Rf1+ 48. Ke2 Rh1 49. Nd3 Ng4 50. Nc5+ Kd5 51. Kf3 Rxh2 52. Nd3 Rxa2 53. Nb4+ Kc4 54. Nxa2 f5 55. Nc1 Nf6 56. Ne2 h5 57. Kg2 Ne4 58. Kh3 Kd3 59. Nc1+ Kd2 60. Nb3+ Kc3 0-1

[Event "Nakhchivan Sunday GM 05"]
[Site "Nakhchivan"]
[Date "2022.05.17"]
[Round "4"]
[White "Atabayev, Yusup"]
[Black "Mirzoev, Azer"]
[Result "1/2-1/2"]
[WhiteElo "2424"]
[BlackElo "2476"]
[PlyCount "37"]
[EventDate "2022.05.15"]
[EventType "team-schev"]
[EventRounds "9"]
[EventCountry "AZE"]
[SourceTitle "CBM 208 Extra"]
[Source "ChessBase"]
[SourceDate "2022.07.31"]
[SourceVersion "1"]
[SourceVersionDate "2022.07.31"]
[SourceQuality "1"]
[WhiteTeam "Team D"]
[BlackTeam "Team A"]
[WhiteTeamCountry "AZE"]
[BlackTeamCountry "AZE"]

1. e4 e6 2. d4 d5 3. e5 c5 4. c3 Bd7 5. Nf3 Qb6 6. Be2 Nc6 7. 0-0 Nge7 8. Bd3 cxd4 9. Re1 h6 10. a3 Nc8 11. Qe2 Be7 12. b4 a6 13. Bb2 dxc3 14. Nxc3 Qd8 15. b5 axb5 16. Nxb5 0-0 17. Bc2 f5 18. exf6 Bxf6 19. Bxf6 1/2-1/2

[Event "Nakhchivan Sunday GM 05"]
[Site "Nakhchivan"]
[Date "2022.05.17"]
[Round "5"]
[White "Azadaliyev, Jahandar"]
[Black "Atabayev, Yusup"]
[Result "1/2-1/2"]
[WhiteElo "2088"]
[BlackElo "2424"]
[PlyCount "106"]
[EventDate "2022.05.15"]
[EventType "team-schev"]
[EventRounds "9"]
[EventCountry "AZE"]
[SourceTitle "CBM 208 Extra"]
[Source "ChessBase"]
[SourceDate "2022.07.31"]
[SourceVersion "1"]
[SourceVersionDate "2022.07.31"]
[SourceQuality "1"]
[WhiteTeam "Team C"]
[BlackTeam "Team D"]
[WhiteTeamCountry "AZE"]
[BlackTeamCountry "AZE"]

1. d4 Nf6 2. c4 e6 3. Nf3 d5 4. g3 c5 5. Bg2 cxd4 6. 0-0 dxc4 7. Qa4+ Nbd7 8. Nxd4 Be7 9. Rd1 0-0 10. Qxc4 Qa5 11. Nc3 a6 12. Bf4 Nb6 13. Qc7 Qc5 14. Nb3 Qxc7 15. Bxc7 Nbd5 16. Nxd5 Nxd5 17. Bxd5 exd5 18. Rxd5 Be6 19. Rd2 Rfc8 20. Rc1 h5 21. h4 a5 22. Bd6 Rxc1+ 23. Nxc1 Rd8 24. Bf4 Rc8 25. Nb3 Bb4 26. Rd4 Rc2 27. a3 Be7 28. Nxa5 Rxb2 29. Bd6 Bf6 30. Rd1 b6 31. Nc6 Rxe2 32. Nd4 Bxd4 33. Rxd4 b5 34. Kf1 Rc2 35. Kg2 Kh7 36. Bb4 Kg6 37. Rd2 Rc1 38. Kf3 Bg4+ 39. Ke4 Rc4+ 40. Rd4 Rc2 41. Rd2 Rc8 42. Rd6+ f6 43. Rd2 Re8+ 44. Kd5 Be2 45. Kc5 Kf5 46. Rd4 g5 47. hxg5 fxg5 48. Rd5+ Kg4 49. Bd2 Rg8 50. Re5 Bf1 51. Bxg5 Rc8+ 52. Kb6 Rf8 53. Be3 Rf5 1/2-1/2

[Event "Nakhchivan Sunday GM 05"]
[Site "Nakhchivan"]
[Date "2022.05.15"]
[Round "1"]
[White "Rasulov, Vugar Ural Oglu"]
[Black "Atabayev, Yusup"]
[Result "1/2-1/2"]
[WhiteElo "2445"]
[BlackElo "2424"]
[PlyCount "117"]
[EventDate "2022.05.15"]
[EventType "team-schev"]
[EventRounds "9"]
[EventCountry "AZE"]
[SourceTitle "CBM 208 Extra"]
[Source "ChessBase"]
[SourceDate "2022.07.31"]
[SourceVersion "1"]
[SourceVersionDate "2022.07.31"]
[SourceQuality "1"]
[WhiteTeam "Team A"]
[BlackTeam "Team D"]
[WhiteTeamCountry "AZE"]
[BlackTeamCountry "AZE"]

1. d4 Nf6 2. c4 e6 3. Nf3 d5 4. Nc3 Bb4 5. Bg5 h6 6. Bxf6 Qxf6 7. Qb3 Nc6 8. e3 0-0 9. Be2 dxc4 10. Qxc4 Bd6 11. 0-0 e5 12. d5 Na5 13. Qa4 b6 14. Ne4 Qe7 15. Rac1 Nb7 16. Qc6 Rb8 17. Nxd6 cxd6 18. b4 Bd7 19. Qc4 b5 20. Qc2 Rfc8 21. Qb2 Qd8 22. Nd2 Qb6 23. h3 f5 24. Rxc8+ Rxc8 25. Rc1 Rxc1+ 26. Qxc1 Nd8 27. Nb3 a6 28. Qc2 Qb7 29. Na5 Qc8 30. Qxc8 Bxc8 31. f4 Kf7 32. Kf2 Kf6 33. Bd1 Bd7 34. Ke1 g5 35. g3 Be8 36. Kd2 Bf7 37. Bb3 Ke7 38. Kc3 Be8 39. a3 Kf6 40. Bc2 Bd7 41. Bd3 Be8 42. a4 Bd7 43. axb5 axb5 44. Kd2 Be8 45. Bc2 gxf4 46. exf4 Bf7 47. Nc6 Bxd5 48. Nxd8 Ke7 49. Bd3 Kxd8 50. Bxb5 Kc7 51. Ke3 Be6 52. Kd3 Kb6 53. Ba4 Kc7 54. Kc3 Kb6 55. Bd1 Kb5 56. Be2+ Kb6 57. Bc4 Bxc4 58. Kxc4 h5 59. fxe5 1/2-1/2

[Event "Mersin op 5th"]
[Site "Mersin"]
[Date "2021.11.21"]
[Round "9"]
[White "Atabayev, Yusup"]
[Black "Mosadeghpour, Masoud"]
[Result "1/2-1/2"]
[WhiteElo "2415"]
[BlackElo "2510"]
[PlyCount "110"]
[EventDate "2021.11.16"]
[EventType "swiss"]
[EventRounds "9"]
[EventCountry "TUR"]
[SourceTitle "CBM 205 Extra"]
[Source "ChessBase"]
[SourceDate "2022.01.31"]
[SourceVersion "1"]
[SourceVersionDate "2022.01.31"]
[SourceQuality "1"]

1. e4 c5 2. Nc3 Nc6 3. Nf3 d6 4. d4 cxd4 5. Nxd4 Nf6 6. Bc4 e5 7. Nf3 Be6 8. Qe2 Rc8 9. Bb3 Be7 10. 0-0 0-0 11. Be3 Na5 12. Rfd1 Nc4 13. Bc1 Qc7 14. Nd2 Rfd8 15. Nxc4 Bxc4 16. Bxc4 Qxc4 17. Qxc4 Rxc4 18. Bg5 Kf8 19. Bxf6 Bxf6 20. Rd3 a6 21. a4 Be7 22. f3 Rdc8 23. Rd5 Rb4 24. Ra2 Rc6 25. Kf1 Bg5 26. Rd3 Rbc4 27. Ra1 Bd8 28. Rad1 Ba5 29. Nd5 Rxc2 30. b4 Bb6 31. R3d2 Bd4 32. Ke2 g6 33. Rxc2 Rxc2+ 34. Rd2 Rc1 35. Rd1 Rc6 36. Kd3 Kg7 37. Rd2 Kh6 38. Rc2 Rxc2 39. Kxc2 Kg5 40. Kd3 Bg1 41. Ne7 Kf6 42. Nd5+ Ke6 43. h3 f5 44. g4 Bf2 45. Ke2 Bh4 46. gxf5+ gxf5 47. b5 axb5 48. axb5 Bd8 49. Kf2 Ba5 50. Kg2 Bd2 51. Kf2 h6 52. Kg2 Bc1 53. Kf2 Bg5 54. Kg2 f4 55. Kf1 Bd8 1/2-1/2